| 000 | 00322nam a2200097Ia 4500 | ||
|---|---|---|---|
| 008 | 220120s9999||||xx |||||||||||||| ||und|| | ||
| 100 |
_aAmith, S Prakash and Manoj, K.P _912281 |
||
| 245 | 0 | _aFinger print based electronic voting machine | |
| 260 |
_aCoorg Institute of Technology _bPonnampet _c2010 |
||
| 650 | _aCOMPUTER SCIENCE | ||
| 999 |
_c137867 _d137867 |
||